Statistics for Biggest Cities in Mali

Click here to take the quiz!

General Stats

  • This quiz has been taken 199 times
    (31 since last reset)
  • The average score is 4 of 10

Answer Stats

PopulationCity% Correct
1,809,106Bamako
96%
86,633Gao
67%
225,753Sikasso
46%
127,368Kayes
42%
114,296Mopti
42%
130,690Segou
33%
137,919Koutiala
17%
114,983Kati
13%
166,722Kalabankoro
8%
91,554Niono
8%

Score Distribution

Percentile by Number Answered

Percent of People with Each Score

Your Score History

You have not taken this quiz since the last reset